| 000 | 00799nam a2200205 a 4500 | ||
|---|---|---|---|
| 003 | 0 | ||
| 005 | 20250423150222.0 | ||
| 008 | 970111s19uu xx 00 eng d | ||
| 050 |
_aPGS LC 3748.K6 _b.L477 2003 |
||
| 100 | _aLee, Min Yong. | ||
| 245 |
_aReasons why Korean parents and students prefer Southville International School / _cMin Yong Lee. |
||
| 260 |
_aLas PiƱas City, Philippines : _bSouthville International School and Colleges, _c2003. |
||
| 300 |
_a40 pages : _billustrations ; _c28 cm. |
||
| 504 | _aIncludes bibliographical references. | ||
| 650 |
_aKorean students _zPhilippines _vAttitudes. |
||
| 650 |
_aInternational students _zPhilippines _vEducation. |
||
| 650 |
_aParents _vAttitudes _zPhilippines. |
||
| 650 |
_aPrivate schools _zPhilippines _vEvaluation. |
||
| 942 |
_2lcc _cPASS |
||
| 999 |
_c96885 _d96885 |
||